Elenca la formazione - Quiz n°287 - Statistics

Statistiche generali
  • Questo quiz è stato fatto 48 volte
  • Il punteggio medio è 10 su 11
Statistiche sulle risposte
Ruolo Club dell'epoca Calciatore % Corretto
Difensore Juventus Danilo
98%
Portiere Liverpool Alisson
96%
Attaccante Real Madrid Vinicius Junior
93%
Difensore Chelsea Thiago Silva
89%
Attaccante Tottenham Richarlison
87%
Centrocampista Manchester United Casemiro
85%
Centrocampista West Ham United Lucas Paquetà
85%
Difensore Paris Saint-Germain Marquinhos
85%
Difensore Real Madrid Éder Militão
83%
Centrocampista Paris Saint-Germain Neymar
83%
Attaccante Barcellona Raphinha
76%
Nessun quiz corrispondente trovato
Distribuzione punteggi
Percentuale di utenti per punteggio
Percentile per numero di risposta
I tuoi punteggi nel tempo
Non hai fatto questo quiz